000 00630nam a2200193 a 4500
001 12413
003 CO-ViMGA
008 141112s2004 ck r 000 u spa d
040 _aCO-ViMGA
_bspa
_cCO-ViMGA
082 0 4 _a624.1834 W357
100 1 _aWinter, George
_917821
245 1 0 _aDesign of Concrete Structures
260 _aNew york :
_bMcGraw Hill,
_c1964
300 _a660p.
590 _aForma de adquisición : DONACION - - Proveedor : MARINA TRUJILLO - - Fecha de adquisición : SEPTIEMBRE - 2000
650 1 4 _aCONSTRUCCIONES DE HORMIGON PRETENSADO
_917822
650 1 4 _aESTRUCTURA DE HORMIGON
_917823
942 _2ddc
_cBK
999 _c23422
_d23422